| 000 | 00712nam a2200217 a 4500 | ||
|---|---|---|---|
| 001 | 000013982 | ||
| 005 | 20200929163427.0 | ||
| 008 | 091202s19uu dr a r 001 0 spa d | ||
| 020 | _a9993458368 | ||
| 040 |
_aDO-SdBNP _bspa _cBNPHU |
||
| 082 |
_a006.78 _bH565d |
||
| 100 | 1 |
_aHerrera, Lenin, _d1972- _931646 |
|
| 245 | 1 | 0 |
_aDesarrollo de aplicaciones web con PHP / _cLenin Herrera. |
| 260 |
_aSanto Domingo : _b[s.n., _cs.a.]. |
||
| 300 |
_a182 p. : _bil. ; _c22 cm. |
||
| 500 | _aIncluye datos biográficos del autor en la contracubierta. | ||
| 590 | _aInventariado,2018/DG | ||
| 650 | 4 |
_aSistemas multimedia _95577 |
|
| 650 | 4 |
_aMultimedia por computador _95576 |
|
| 910 | _aValidado. Control de calidad. EMS | ||
| 999 |
_c13586 _d13586 |
||